Naveky

Bibliographic Details
Main Author: Scottoline, Lisa, 1955- (Author)
Other Authors: Buntová, Zdenka, 1951- (Translator)
Format: Book
Language:Slovak
English
PhysicalDescription:518 strán 24 cm
Published: Bratislava Ikar 2022
ISBN:9788055185651
Subjects:

MARC

LEADER 00000cam a2200000 4500
001 vtls012157668
003 SK-MaSNL
005 20260301105456.0
008 221221s2022 xo g 010 f slo
015 |a SNBA2023/02 
020 |a 9788055185651  |q (viazané) 
040 |a SNK  |b slo  |c SNK  |e rda 
041 1 |a slo  |h eng 
044 |a xo  |c SK 
072 7 |a 821.111(73)-3  |x Americká próza  |2 konspekt 
080 |a 821.111(73)-31  |2 2011 
080 |a 316.3(0:82-31)  |2 2011 
080 |a 94(100)"1939/1945"  |2 2011 
080 |a (0:82-311.6)  |2 2011 
100 1 |a Scottoline, Lisa,  |d 1955-  |4 aut  |9 329093 
240 1 0 |a Eternal  |l Slovensky 
245 1 0 |a Naveky  |c Lisa Scottoline ; preložila Zdenka Buntová 
264 1 |a Bratislava  |b Ikar  |c 2022 
300 |a 518 strán  |c 24 cm 
336 |a text  |b txt  |2 rdacontent 
337 |a bez média  |b n  |2 rdamedia 
338 |a zväzok  |b nc  |2 rdacarrier 
500 |a Preložené z angličtiny 
500 |a Na prebale pod názvom: Dojímavý príbeh o zrade, láske a odvahe v najtragickejších časoch v dejinách 
650 0 7 |a druhá svetová vojna (1939-1945)  |2 SNKPH  |9 169657 
650 0 7 |a World War (1939-1945)  |2 SNKPHeng  |9 284172 
655 7 |a americké romány  |2 SNKPH  |9 1174 
655 7 |a spoločenské romány  |2 SNKPH  |9 70538 
655 7 |a American novels  |2 SNKPHeng  |9 277755 
655 7 |a Society novels  |2 SNKPHeng  |9 278721 
655 7 |a vojnové romány  |2 SNKPH  |9 70572 
655 7 |a War novels  |2 SNKPHeng  |9 307789 
700 1 |a Buntová, Zdenka,  |d 1951-  |4 trl  |9 216805 
919 |a 978-80-551-8565-1 
954 |a beletria cudzojazyčná (svetová)  |2 lita 
958 |a LX 
958 |a UP 
958 |a ZD 
968 |b ENG 
999 |c 700960  |d 702890 
952 |a SNK  |b SNK  |y PREZ  |7 0  |p 17A1516972  |o snkSC 200289  |i snk2023/155  |8 0  |0 0  |1 0  |4 0  |d 2023-01-10  |l 0  |r 2025-10-22 00:00:00  |w 2026-02-23 
952 |a SNK  |b SNK  |y PREZ  |7 0  |p 17A1516973  |o snkSC 200289 D1  |i snk2023/156  |8 0  |0 0  |1 0  |4 0  |d 2023-01-10  |l 0  |r 2026-02-23 20:56:56  |w 2026-02-23